| 000 | 02777camaa22006494i 4500 | ||
|---|---|---|---|
| 003 | PE-LiUPU | ||
| 005 | 20250731180053.0 | ||
| 008 | 990426s2010 sp a rb 001 0 spa d | ||
| 020 | _a8427710623 | ||
| 020 | _a9788427710627 | ||
| 035 | _a(Sirsi) i9788427710627 | ||
| 040 |
_aBNM _erda _bspa _cBNM _dESUDE _dCKJAV _dPE-LiUPU |
||
| 041 | 1 |
_aspa _hfre |
|
| 049 | _aPRUA | ||
| 080 | _a001:1 | ||
| 082 | 0 | 4 |
_a501 _bF78 _222 |
| 100 | 1 |
_aFourez, Gérard, _eautor. |
|
| 240 | 1 | 3 |
_aLa construction des sciences. _lEspañol |
| 245 | 1 | 3 |
_aLa construcción del conocimiento científico : _bsociología y ética de la ciencia / _cGérard Fourez. |
| 250 | _a4a. edición. | ||
| 264 | 1 |
_aMadrid : _bNarcea, _c2010. |
|
| 300 |
_a203 páginas : _bilustraciones ; _c24 centímetros |
||
| 336 |
_atext _2rdacontent |
||
| 337 |
_aunmediated _2rdamedia |
||
| 338 |
_avolume _2rdacarrier |
||
| 490 | 0 | _aEducación hoy. Estudios | |
| 504 | _aBibliografía : páginas 191-200. | ||
| 504 | _aÍndice : páginas 201-203. | ||
| 505 | 0 | _aIntroducción -- El método cientifico: la observación -- El método científico: creación y rechazo de modelos -- El método científico: la comunidad científica -- El método científico: las ciencias como disciplinas intelectuales -- Las ciencias modernas como producto de la historia -- Ciencias e ideologías -- Ciencias fundamentales y tecnologías -- Ciencias y decisiones humanas -- Una teoría de la aproximación histórica de la construcción de conceptos -- Ciencias, verdad, idealismo -- ¿Cómo articular ciencias y éticas? -- Epílogo: como vigilantes en espera de la aurora -- Apéndice: epistemología en formato de bolsillo -- Bibliografía -- Indice de autores. | |
| 526 | _aSEG44 | ||
| 526 | _aSEG26 | ||
| 526 | _aP159 | ||
| 526 | _aP155 | ||
| 526 | _aP154 | ||
| 526 | _aP153 | ||
| 526 | _aP150 | ||
| 526 | _aP100 | ||
| 526 | _aP31 | ||
| 526 | _aP30 | ||
| 526 | _aP26 | ||
| 526 | _aP25 | ||
| 526 | _aP24 | ||
| 526 | _aP22 | ||
| 526 | _aP15 | ||
| 526 | _aP10 | ||
| 534 |
_pTítulo original : _tConstruction des sciences |
||
| 541 | _g001-040373; | ||
| 650 | 7 |
_aCiencia _xFilosofía. _2embne |
|
| 650 | 0 | 4 |
_aCiencias _xAspecto social. |
| 650 | 0 | 4 |
_aCiencias _xFilosofía. |
| 910 |
_ajck _b _caas _d20160118 |
||
| 942 |
_2ddc _cBOOK |
||
| 949 |
_aPGS 501 F78 _wDEWEY _c1 _i72460 _lCCODEBUL1 _mBUL _p24.20 _r0 _sY _tBOOK _u2016-1-18 _xSALUD _PP69 _0COMPRA _o.STAFF. Posgrado |
||
| 994 |
_aC0 _bPEPRU |
||
| 596 | _a1 | ||
| 999 |
_aPGS 501 F78 _wDEWEY _c8447 _i72460 _d8447 _e2018-4-15 _f2021-11-5 _g5 _lCCODEBUL1 _mBUL _n3 _p24.20 _q1 _r0 _sY _tBOOK _u2016-1-18 _xBIBLIOTECA _PP69 _0COMPRA _o.STAFF. Posgrado |
||
| 980 |
_81 _gALBERTO SANCHEZ Responsable de Automatización |
||